000 00951 a2200229 4500
005 20260302104012.0
008 260302b |||||||| |||| 00| 0 eng d
020 _a9788119141869 (hbk)
037 _cTB
040 _aCRL
_cCRL
041 _2hin
_ahin
084 _aO152v R4
_qCRL
100 _aआचार्य चतुरसेन
_9862076
245 _aहिन्दी भाषा और साहित्य का इतिहास
260 _aदिल्ली, भारत:
_bअनन्य प्रकाशन,
_c2024.
300 _a696पृ.
365 _b1500.00
_cINR
650 _aहिन्दी भाषा
650 _aहिन्दी साहित्य
942 _cTB
_2CC
_hO152v R4
999 _c1466986
_d1466986